000 00856nam a22002417i 4500
999 _c23310
_d23310
003 AR-CdUCM
008 250711b19651965 ag||||| |||| 00| 0 spa d
040 _aMUNICIPALIDAD PROVINCIAL DEL CUSCO
_cBIBLIOTECA MUNICIPAL DEL CUSCO
041 _hspa
082 _a 747 / C 74 / vol. III
_bC 74 / vol. III
110 _aEditorial Codex S. A.
_951191
245 _aDecoralia /
260 _aBuenos Aires :
_bEditorial Codex S. A.
_c1965
300 _a362 pƔginas. :
_bIlustraciones
_c30x20 cm.
505 _aDecoración -- Maceteros -- Mesas de comedor -- Piscina en casa -- Pisos embaldosados
650 _aDecoracion fiestas infantiles
_951198
650 _aRelojes antiguos
_951199
650 _aBufetes
_951200
650 _aArquitectura geometrica
_951201
650 _aPisos embaldosados
_951202
942 _2ddc
_cLIBROS
945 _apbjr
_d11-07-2025